000 00635nam a22002297a 4500
003 UA-OsUOA
001 111911
007 ta
008 20150611b un ||||| |||| 00| 0 ukr d
100 _aХанин Д. М.
090 _a141.1:18
_bХ19
942 _cBK
040 _aUA-OsUOA
_brus
_cUA-OsUOA
_dUA-OsUOA
245 _aИскусство как деятельность в эстетике Аристотеля
_bмонография
300 _a176 с.
955 _a1
041 _arus
080 _a141.1:18
260 _aМ.
_bНаука
_c1986
650 7 _a1 Філософські науки
_2UDC
999 _c398427
_d398427